Wszystkie gry Assassin's Creed Quiz w trakcie naprawy - Statystyki

Ogólne statystyki
  • Ten quiz został rozwiązany 13 razy
    11 od ostatniego zresetowania
  • Średni wynik to 22 z 33
Statystyki odpowiedzi
Rok Gra % Poprawnych
2007 Assassin's Creed
100%
2013 Assassin's Creed 4: Black Flag
100%
2010 Assassin's Creed: Brotherhood
100%
2015 Assassin's Creed Chronicles: India
100%
2023 Assassin's Creed: Mirage
100%
2018 Assassin's Creed: Odyssey
100%
2017 Assassin's Creed Origins
100%
2025 Assassin's Creed: Shadows
100%
2020 Assassin's Creed: Valhalla
100%
!text: Ezio Auditore
100%
!text: Kroniki
100%
!text: Nowe Gry
100%
!text: Nowy Świat
100%
!text: Trylogia Starożytnych Asasynów
100%
2009 Assassin's Creed 2
88%
2012 Assassin's Creed 3
88%
2015 Assassin's Creed Chronicles: China
88%
2015 Assassin's Creed Chronicles: Russia
88%
2014 Assassin's Creed: Rogue
75%
2015 Assassin's Creed: Syndicate
75%
2014 Assassin's Creed: Unity
75%
2013 Assassin's Creed: Freedom Cry
63%
2011 Assassin's Creed: Revelations
63%
2012 Assassin's Creed 3: Liberation
38%
2008 Assassin's Creed: Altair's Chronicles
25%
2009 Assassin's Creed 2: Discovery
13%
2009 Assassin's Creed: Bloodlines
13%
2016 Assassin's Creed Identity
0%
2014 Assassin's Creed: Memories
0%
2023 Assassin's Creed Nexus
0%
2013 Assassin's Creed: Pirates
0%
2011 Assassin's Creed Rearmed
0%
2017 Assassin's Creed Rebellion
0%
Nie znaleziono quizów pasujących do podanych kryteriów
Rozkład punktacji
Procent ludzi z każdym wynikiem
Percentyl według liczby udzielonych odpowiedzi
Twoja historia wyników
Nie rozwiązałeś tego quizu od ostatniego zresetowania